Ζητήματα ασφάλειας και ιδιωτικότητας στα συστήματα διαχείρισης μάθησης
Η ραγδαία αναπτυσσόμενη τεχνολογία έχει εισέλθει και στον τομέα της εκπαίδευσης με αποτέλεσμα να γίνεται χρήση της πληροφορικής πλέον όχι μόνο στις λειτουργικές διαδικασίες αλλά και στην ίδια την εκπαιδευτική διαδικασία. Τα Συστήματα Διαχείρισης Μάθησης είναι ένα παράδειγμα για το πώς η επιστήμη τη...
Αποθηκεύτηκε σε:
| Κύριος συγγραφέας: | |
|---|---|
| Συγγραφή απο Οργανισμό/Αρχή: | |
| Μορφή: | Thesis Βιβλίο |
| Γλώσσα: | Greek |
| Δημοσίευση: |
2014.
|
| Θέματα: | |
| Διαθέσιμο Online: | http://hdl.handle.net/11610/16024 |
| Ετικέτες: |
Προσθήκη ετικέτας
Δεν υπάρχουν, Καταχωρήστε ετικέτα πρώτοι!
|
MARC
| LEADER | 00000cam a2200000 a 4500 | ||
|---|---|---|---|
| 001 | 1/108006 | ||
| 008 | 150820s2014####gr | ||| |||| ||gre|| | ||
| 040 | |a GR-MyUa |b gre |c GR-MyUa |e AACR2 | ||
| 041 | 0 | |a gre | |
| 082 | 7 | |a 371.3 |2 (23) | |
| 100 | 1 | |a Λιβάρδας, Χαρίλαος. | |
| 245 | 1 | 0 | |a Ζητήματα ασφάλειας και ιδιωτικότητας στα συστήματα διαχείρισης μάθησης / |c Λιβάρδας Χαρίλαος. |
| 260 | |c 2014. | ||
| 300 | |a 95 σ. ; |c 30 εκ. | ||
| 502 | |a Διατριβή (μεταπτυχιακή) - Πανεπιστήμιο Αιγαίου, Λέσβος, 2014. | ||
| 504 | |a Περιλαμβάνει βιβλιογραφία. | ||
| 506 | 1 | |a Ηλεκτρονική διάθεση στο πλήρες κείμενο – περιορισμένης πρόσβασης. |d Ελεύθερη διάθεση μόνο στα μέλη του Πανεπιστημίου Αιγαίου. | |
| 520 | 8 | |a Η ραγδαία αναπτυσσόμενη τεχνολογία έχει εισέλθει και στον τομέα της εκπαίδευσης με αποτέλεσμα να γίνεται χρήση της πληροφορικής πλέον όχι μόνο στις λειτουργικές διαδικασίες αλλά και στην ίδια την εκπαιδευτική διαδικασία. Τα Συστήματα Διαχείρισης Μάθησης είναι ένα παράδειγμα για το πώς η επιστήμη της πληροφορικής ενσωματώθηκε σε αυτήν. Τα ΣΔΜ είναι πληροφορικά συστήματα τα οποία σκοπό έχουν την μεταφορά της γνώσης με την καλύτερη δυνατή χρήση της τεχνολογίας, ενώ με τα συστήματα αυτά επιτυγχάνεται η ηλεκτρονική και εξ’ αποστάσεως εκπαίδευση. Όμως τα ΣΔΜ είναι λογισμικά, με ότι συνεπάγεται αυτό και κινδυνεύουν όπως και όλα τα υπόλοιπα λογισμικά. Έτσι οι εταιρίες ανάπτυξης τους θα πρέπει να αναγνωρίσουν και να ενσωματώσουν πολίτικες και λειτουργίες για την ασφάλεια τόσο του χρήστη όσο και του ίδιου του συστήματος. Παρόμοιες πολιτικές θα πρέπει να ισχύουν και για την προστασία της ιδιωτικότητας του κάθε χρήστη στα συστήματα αυτά. | |
| 540 | |a Κλειδωμένη η δυνατότητα αντιγραφής (copy) από το ηλεκτρονικό αρχείο. | ||
| 650 | 0 | |a Distance education |x Computer network resources. | |
| 650 | 0 | |a Distance education |x Aims and objectives. | |
| 650 | 0 | |a Database security. | |
| 650 | 0 | |a Internet |x Security measures. | |
| 700 | 1 | |a Καλλονιάτης, Χρήστος, |e dgs | |
| 710 | 2 | |a Πανεπιστήμιο Αιγαίου. |b Σχολή Κοινωνικών Επιστημών. |b Τμήμα Πολιτισμικής Τεχνολογίας και Επικοινωνίας. |b Πρόγραμμα Μεταπτυχιακών Σπουδών Πολιτισμική Πληροφορική και Επικοινωνία. | |
| 852 | |a INST |b LESVOS |c DIATR |e 20150820 |h 589 |p 005100056733 |q 005100056733 |t MTXE |y 23 | ||
| 852 | |a INST |b LESVOS |c DIATR |e 20150820 |h 590 |p 005100056734 |q 005100056734 |t MTXE |y 23 | ||
| 856 | |u http://hdl.handle.net/11610/16024 | ||
| 924 | |a Λιβάρδας |b Χαρίλαος |y Λέσβος |z 2014-02 | ||
| 970 | |a Τζαφέρη |b Ευαγγελία |z 20-08-2015 | ||